Pueblo revolucionario, pueblo de Dios / [por] Giulio Girardi... [et. al.]

Guardado en:
Detalles Bibliográficos
Otros autores: I. Girardi, Giulio, coaut. (autor) (autor)
Formato: Libro
Colección:Cleves ecuménicas
Temas:
Etiquetas: Agrega una etiqueta
Sin etiquetas, Sé el primero en etiquetar este registro!

MARC

LEADER 00000nam^a2200000^u^4500
001 000540509
005 20250521000000.0
008 060220s1000^^^^^^^^^^^^r^^^^^000^0^spa^d
009 20260310131204.57
035 |a FMI 000008508 
037 |a Acervo Xavier Clavigero 
096 |a 5.6.1/58/C 
245 0 0 |a Pueblo revolucionario, pueblo de Dios / [por] Giulio Girardi... [et. al.] 
264 |a México : Paradigmas, 1989 
300 |a 404 p. 
336 |a texto  |b txt  |2 rdacontenido 
337 |a sin mediación  |b n  |2 rdamedio 
338 |a volumen  |b nc  |2 rdasoporte 
440 0 |a Cleves ecuménicas 
597 |a Centro Ecuménico Antonio Valdivieso. Claves latinoamericanas 
649 |a XX 
650 |a Teología de la Liberación 
700 |a I. Girardi, Giulio, coaut.  |e (autor) 
910 |a Fondo Francisco Migoya Covarrubias S.J. 
920 |a Impresos - Libros 
930 |a Fondos Especiales 
905 |a 134 
901 |a SBC12057  |b IT2  |c ESP  |u 20250521 
902 |a https://opac.biblio.iteso.mx/vufind/Record/000540509